00382nam a2200097Ia 45000010005000000080041000050820024000461000071000702450119001412600024002604437241024s9999 xx 000 0 und d aRD/348/R426l/630-16 aRepública Dominicana. (Leyes, resoluciones, jurispridencia, etc) 0aLey orgánica No. 630-16, del 28 de julio de 2016 del Ministerio de Relaciones Exteriores y del servicio exterior bSanto Domingoc2016